Boletín RIFTA : (Registro nro. 16761)

Detalles MARC
000 -CABECERA
Campo de control 01050nas a2200229 a 4500
005 - FECHA Y HORA DE LA ULTIMA TRANSACCION
Campo de control 20170522104940.0
008 - ELEMENTOS DE LONGITUD FIJA—INFORMACION GENERAL
Campo de control 890522c19969999ck br p r 0 0a0spa d
040 ## - FUENTE DE CATALOGACIÓN
Agencia catalogadora original hm
Agencia transcriptora hm
041 0# - IDIOMA
Código de idioma para texto/pista de sonido o título separado Español
044 ## - PAÍS DE PUBLICACIÓN
País de publicación Colombia
090 ## - CLASIFICACIÓN LOCAL
Colección SE
245 00 - MENCION DE TITULO
Título Boletín RIFTA :
Parte restante del título Red de información técnica sobre forestería y agroforestería para apoyo a la extensión y la investigación /
Mención de responsabilidad Corporación Nacional de Investigación y Fomento Forestal - CONIF
260 ## - PUBLICACION, DISTRIBUCION, ETC. (PIE DE IMPRENTA)
Lugar de publicación, distribución, etc. Santa Fe de Bogotá (Colombia) :
Nombre del editor, distribuidor, etc. Corporación Nacional de Investigación y Fomento Forestal - CONIF,
Fecha de publicación, distribución, etc. 1996-.
300 ## - DESCRIPCION FISICA
Otros detalles físicos ilustraciones ;
Dimensiones 28 x 22 cm.
650 24 - ASIENTO SECUNDARIO DE MATERIA - TERMINO TEMATICO
Término temático o nombre geográfico como elemento de entrada Ingeniería forestal
Subdivisión de forma Publicaciones periódicas
9 (RLIN) 81601
650 26 - ASIENTO SECUNDARIO DE MATERIA - TERMINO TEMATICO
Término temático o nombre geográfico como elemento de entrada Forestación
Subdivisión de forma Publicaciones periódicas
9 (RLIN) 81602
650 26 - ASIENTO SECUNDARIO DE MATERIA - TERMINO TEMATICO
Término temático o nombre geográfico como elemento de entrada Bosques
Subdivisión de forma Publicaciones periódicas
9 (RLIN) 81603
650 26 - ASIENTO SECUNDARIO DE MATERIA - TERMINO TEMATICO
Término temático o nombre geográfico como elemento de entrada Recursos forestales
Subdivisión de forma Publicaciones periódicas
9 (RLIN) 81604
651 #6 - ASIENTO SECUNDARIO DE MATERIA - NOMBRE GEOGRAFICO
Nombre geográfico Colombia
Subdivisión de forma Publicaciones periódicas
9 (RLIN) 81605
710 2# - ASIENTO SECUNDARIO - NOMBRE CORPORATIVO
Nombre corporativo o de jurisdicción como elemento de entrada Corporación Nacional de Investigación y Fomento Forestal (CONIF)
9 (RLIN) 81606
942 ## - ELEMENTOS ADICIONALES (KOHA)
Sistema de clasificación Local
Tipo de ítem Libro
Serial record 1
Existencias
Withdrawn status Lost status Damaged status No para préstamo Colección Fecha publicación (Año) Volumen revista Número revista Ubicación Permanente Ubicación actual Fecha de adquisición Fuente de adquisición Total Checkouts Número topográfico Inventario / Código de Barras Date last seen Ejemplar Price effective from Forma de adquisición Tipo de material Sistema de Clasificación Inventariado Datos de publicación Seriada
        Hemeroteca 1997 1 4 Bogotá Bogotá 22/05/2017     SE 006230 22/05/2017 Ej. 1 22/05/2017 Donación Periodica o revista Local Inventariado 2017 Año 1, Nro. 4
        Hemeroteca 1996 1 1 Bogotá Bogotá 22/05/2017     SE 006227 22/05/2017 Ej. 1 22/05/2017 Donación Periodica o revista Local Inventariado 2017 Año 1, Nro. 1
        Hemeroteca 1997 1 5 Bogotá Bogotá 22/05/2017     SE 006232 22/05/2017 Ej. 1 22/05/2017 Donación Periodica o revista Local Inventariado 2017 Año 1, Nro. 5
        Hemeroteca 2000   9 Bogotá Bogotá 22/05/2017     SE 006234 22/05/2017 Ej. 1 22/05/2017 Donación Periodica o revista Local Inventariado 2017 Número 9
        Hemeroteca 2000   8 Bogotá Bogotá 22/05/2017     SE 006236 22/05/2017 Ej. 1 22/05/2017 Donación Periodica o revista Local Inventariado 2017 Número 8
        Hemeroteca 1999   7 Bogotá Bogotá 22/05/2017     SE 006235 22/05/2017 Ej. 1 22/05/2017 Donación Periodica o revista Local Inventariado 2017 Número 7
        Hemeroteca 1999   6 Bogotá Bogotá 22/05/2017     SE 006233 22/05/2017 Ej. 1 22/05/2017 Donación Periodica o revista Local Inventariado 2017 Número 6
        Hemeroteca 1997 1 4 Villa de Leyva Villa de Leyva 13/03/2001 Desconocido   SERIADAS 00764 006229 25/03/2015 1 25/03/2015   Periodica o revista